The Martyrdom of Polycarp : Translation, Introduction, and Commentary /
This volume provides a detailed introduction addressing critical issues such as authorship, date, integrity, miracles, Jewish involvement, the imitation of Christ, theology, and ethics. The section-by-section commentary examines grammar, philology, text critical questions, metaphors, intertextuality...
المؤلف الرئيسي:
التنسيق: كتاب الكتروني
اللغة: English
منشور في:
Leiden ; Boston :
Brill,
2026.
سلاسل:
Biblical Studies, Ancient Near East and Early Christianity E-Books Online, Collection 2026.
Texts and Editions for New Testament Study ;
20.
الموضوعات:
الوصول للمادة أونلاين: Login to view Source
الوسوم: إضافة وسم
رقم الطلب: BS709.4
| LEADER | 02618nam a22004818i 4500 | ||
|---|---|---|---|
| 001 | BRILL9789004748996 | ||
| 003 | nllekb | ||
| 005 | 20260324115024.0 | ||
| 006 | m d | ||
| 007 | cr un uuuua | ||
| 008 | 251016s2026 gw sb 001 0 eng d | ||
| 020 | |a 9789004748996 |q (electronic book) | ||
| 020 | |z 9789004183841 |q (print) | ||
| 024 | 7 | |a 10.1163/9789004748996 |2 DOI | |
| 040 | |a NL-LeKB |c NL-LeKB |e rda | ||
| 041 | |a eng | ||
| 050 | 4 | |a BS709.4 | |
| 072 | 7 | |a HRCG |2 bicssc | |
| 072 | 7 | |a REL |x 006400 |2 bisacsh | |
| 082 | 0 | 4 | |a 220.4/2 |2 23 |
| 100 | 1 | |a Croy, N. Clayton, |e author. | |
| 245 | 1 | 4 | |a The Martyrdom of Polycarp : |b Translation, Introduction, and Commentary / |c N. Clayton Croy. |
| 246 | 3 | |a Translation, Introduction, and Commentary | |
| 264 | 1 | |a Leiden ; |a Boston : |b Brill, |c 2026. | |
| 264 | 4 | |c ©2026 | |
| 300 | |a 1 online resource (394 pages) : |b illustrations. | ||
| 336 | |a text |b txt |2 rdacontent | ||
| 337 | |a computer |b c |2 rdamedia | ||
| 338 | |a online resource |2 rdacarrier | ||
| 490 | 1 | |a Biblical Studies, Ancient Near East and Early Christianity E-Books Online, Collection 2026 | |
| 490 | 1 | |a Texts and Editions for New Testament Study ; |v 20 | |
| 504 | |a Includes bibliographical references and index. | ||
| 520 | |a This volume provides a detailed introduction addressing critical issues such as authorship, date, integrity, miracles, Jewish involvement, the imitation of Christ, theology, and ethics. The section-by-section commentary examines grammar, philology, text critical questions, metaphors, intertextuality, historical issues, etc. In addition, there are numerous excursuses on topics such as the charge of atheism in antiquity, praying toward the east, the repurposing of Roman stadia, and the cult of the saints. Throughout, the author engages a wide array of secondary literature. A modern theological postscript considers the ongoing relevance of the Martyrdom of Polycarp in our contemporary world marked by religious violence | ||
| 546 | |a English | ||
| 588 | |a Description based on print version record. | ||
| 630 | 0 | 0 | |a Biblical Studies. |
| 650 | 0 | |a Early Church & Patristics. | |
| 650 | 0 | |a New Testament & Early Christian Writings. | |
| 776 | 0 | 8 | |i Print version: |t The Martyrdom of Polycarp : Translation, Introduction, and Commentary. |d Leiden ; Boston : Brill, 2026. |z 9789004183841 |w (OCoLC)1527589295 |
| 830 | 0 | |a Biblical Studies, Ancient Near East and Early Christianity E-Books Online, Collection 2026. | |
| 830 | 0 | |a Texts and Editions for New Testament Study ; |v 20. | |
| 856 | 4 | |z DOI: |u http://dx.doi.org/10.1163/9789004748996 | |
| 999 | |c 61961 |d 61961 | ||
